Development in practice. (Record no. 18597)

000 -LEADER
fixed length control field 00626nas a2200205 a 4500
022 ## - INTERNATIONAL STANDARD SERIAL NUMBER
ISSN 0961-4524
040 ## - CATALOGING SOURCE
Transcribing agency MH
082 10 - DEWEY DECIMAL CLASSIFICATION NUMBER
Classification number 338 OUL 1991 C148 Or.
245 00 - TITLE STATEMENT
Title Development in practice.
260 ## - PUBLICATION, DISTRIBUTION, ETC. (IMPRINT)
Place of publication Oxford :
Name of publisher Oxfam UK and Ireland,
Year of publication c1991-
300 ## - PHYSICAL DESCRIPTION
Number of Pages v. ;
Dimensions 24 cm.
500 ## - GENERAL NOTE
General note Title from cover.
500 ## - GENERAL NOTE
General note Latest issue consulted: Vol. 3, no. 3 (Oct. 1993)
650 #0 - SUBJECT ADDED ENTRY--TOPICAL TERM
Topical Term Technical assistance
650 #0 - SUBJECT ADDED ENTRY--TOPICAL TERM
Topical Term Economic assistance
710 2# - ADDED ENTRY--CORPORATE NAME
Corporate name or jurisdiction name as entry element Oxfam.
710 2# - ADDED ENTRY--CORPORATE NAME
Corporate name or jurisdiction name as entry element JSTOR (Organization)
856 40 - ELECTRONIC LOCATION AND ACCESS
Uniform Resource Identifier http://TK3YL7ST4M.search.serialssolutions.com/?V=1.0&L=TK3YL7ST4M&S=JCs&C=DEVEINPRA&T=marc
942 ## - ADDED ENTRY ELEMENTS (KOHA)
Koha item type ADB
952 ## - LOCATION AND ITEM INFORMATION (KOHA)
Withdrawn status [LOCAL, KOHA] 0
Holdings
Source of acquisition Permanent Location Date acquired Koha item type Lost status Shelving location Current Location Full call number
a39335Library Block C2019-12-25សៀវភៅភាសាអង់គ្លេស C148Library Block C338 OUL 1991 C148 Or.
មជ្ឈមណ្ឌលឯការនៃសាកលវិទ្យាល័យភូមិន្ទកសិកម្មចំការដូង

Powered by Koha